000 004690000a22001690004500
003 MACL
005 20151231162329.0
008 151231b xxu||||| |||| 00| 0 eng d
040 _aMACL
_cMACL
041 _aEnglish
082 _a354.420/DIC
100 _aDicey, Albert Venn
_925952
245 _aThe Privy Council
_bThe Arnold Prize Essay 1860
260 _bMacmillan & Co Ltd
_c1887
_aLondon
650 _aPublic Administration
_925953
942 _cBK
_k354.420/DIC
_2ddc
999 _c37674
_d37674